KOHA-Header-6

Study Guide for Damodaran on Valuation (Record no. 6234)

000 -LEADER
fixed length control field 00286nam a2200121Ia 4500
020 ## - INTERNATIONAL STANDARD BOOK NUMBER
ISBN 9780471108979
082 ## - DEWEY DECIMAL CLASSIFICATION NUMBER
Classification number 658.15
100 ## - MAIN ENTRY--AUTHOR NAME
Personal name Aswath Damodaran
245 #0 - TITLE STATEMENT
Title Study Guide for Damodaran on Valuation
260 ## - PUBLICATION, DISTRIBUTION, ETC. (IMPRINT)
Place of publication New York
Name of publisher Prentice Hall Inc.
Year of publication 1994
300 ## - PHYSICAL DESCRIPTION
Number of Pages 220
942 ## - ADDED ENTRY ELEMENTS (KOHA)
Koha item type Books
Holdings
Withdrawn status Lost status Collection code Permanent Location Current Location Shelving location Date acquired Full call number Accession Number Koha item type
    Marketing MAJU MAJU   2019-09-07 658.15 1813 Marketing

Powered by Koha